|
|
|
|
| LEADER |
00000nta a2200000 i 4500 |
| 001 |
dolg8677 |
| 005 |
20210323123955.0 |
| 008 |
161212suuuu hu om 000 hun d |
| 040 |
|
|
|a BGE Dolgozattár Repozitórium
|b hun
|
| 041 |
|
|
|a hu
|
| 100 |
1 |
|
|a Balogh Adrienn
|
| 245 |
1 |
2 |
|a A digitális marketing fejlődése és határai a 21. században a Mito Communications Zrt. SEO adatain keresztül
|c Balogh Adrienn
|h [elektronikus dokumentum]
|
| 246 |
1 |
1 |
|a A digitális marketing fejlődése és határai a 21. században a Mito Communications Zrt. SEO adatain keresztül
|
| 695 |
|
|
|a SEO
|
| 695 |
|
|
|a Digitális marketing
|
| 700 |
1 |
|
|a Fleck Gábor
|e ths
|
| 856 |
4 |
0 |
|u http://dolgozattar.uni-bge.hu/8677/1/Szakdolgozat_Balogh_Adrienn_B54FN2.pdf
|z Dokumentum-elérés
|